000 00604nam a2200181Ia 4500
003 GCL
008 140319s9999 xx 000 0 ara d
040 _aGCL /
_cGCL
082 0 4 _a920.71
_bق ا
100 1 _aالقيسرانى : ابوالفضل محمد بن طاهر بن على بن احمد
245 1 0 _aالانساب المتفقة /
_cالقيسرانى : ابوالفضل محمد بن طاهر بن على بن احمد
260 _a[S.N] :
_bدار الكتب المصرية
300 _a223
490 _a
650 0 4 _aالعلماء
650 0 4 _aالاسلام
942 _2ddc
_cBK
999 _c59027
_d59027